000 00796nam a22002777a 4500
003 CHAP
005 20220329134212.0
008 971013s1946 r 00010 d
010 _a16914
011 _a17886
035 _a21970
040 _cCHAP
082 _a634.97
_bJ36
100 0 0 _aJaques, Harry E.
_961096
245 _aHow to know the trees
260 _aDubuque, Iowa :
_bBrown,
_c1946
300 _a166 p.
_b: ilus
590 _aBATCH-UPD
_b10
_c20130110
_lUCH01
_h1402
590 _aBATCH-UPD
_b10
_c20130410
_lUCH01
_h0852
590 _aBATCH-UPD
_b10
_c20130914
_lUCH01
_h1708
590 _aCONVERSION
_b10
_c20130109
_lUCH01
_h1310
650 1 4 _aÁrboles.
_982433
901 _aBK
942 _cLIBRO
949 _a634.97 J36
_bBC
_cLIBRO
_d33724000236824
_eLIBRO
_h27778
_i21970
_si
_t40.00
999 _c16914
_d16914